000 00755nmc a2200277 a 4500
003 AR-BaBNM
005 20251128204728.0
008 055119s1994 ||||||||||||||000 | spa||
020 _a84-254-0470-3
040 _cAR-BaBNM
100 1 _aAvanzini, Guy
245 1 0 _aEl fracaso escolar
250 _a5ª ed.
260 _aBarcelona
_bHerder
_c1994
300 0 _a187 p.
_btablas
490 0 _aBiblioteca de Pedagogía
_vv. 10
500 0 _aContiene índice bibliográfico en p. 187
650 4 _aACTITUD DEL ALUMNO
650 4 _aPARTICIPACION DEL ALUMNO
650 4 _aRELACION ESCUELA-ALUMNOS
650 4 _aSOCIOLOGIA DE LA EDUCACION
650 4 _aMADUREZ PARA EL APRENDIZAJE
653 0 _aFRACASO ESCOLAR
942 _cBK
998 _cGLORIA
999 _c8592
_d8592